000
00258nam a2200097Ia 4500
001
653771
005
20250826154504.0
008
250824s9999 xx 000 0 und d
245
0
_a
YAŞASIN Ç HARFİ KARDEŞLİĞİ
_c
BEHİÇ AK
260
_b
GÜNIŞIĞI YAYINLARI
999
_c
653771
_d
653771